| Tag |
First Indicator |
Second Indicator |
Subfields |
| LEADER |
00000cam a2200000 4500 |
| 001 |
in00000094358 |
| 005 |
20150927110435.0 |
| 008 |
720509r1972 maua b 00100 eng |
| 010 |
|
|
|a 76180545
|
| 020 |
|
|
|a 0823801314
|c $5.95
|
| 035 |
|
|
|a (OCoLC)00315335
|
| 035 |
|
|
|9 AAL6223AM
|
| 040 |
|
|
|a DLC
|c DLC
|d TXA
|d UtOrBLW
|
| 049 |
|
|
|a TXAM
|c [955779]
|
| 050 |
0 |
0 |
|a TT898
|b .S58 1972
|
| 082 |
0 |
|
|a 731/.75
|
| 100 |
1 |
|
|a Snook, Barbara.
|
| 245 |
1 |
0 |
|a Making masks for school plays.
|
| 250 |
|
|
|a [1st American ed.].
|
| 264 |
|
1 |
|a Boston :
|b Plays, inc.,
|c [1972]
|
| 300 |
|
|
|a 96 pages :
|b illustrations ;
|c 23 cm.
|
| 336 |
|
|
|a text
|b txt
|2 rdacontent
|
| 337 |
|
|
|a unmediated
|b n
|2 rdamedia
|
| 338 |
|
|
|a volume
|b nc
|2 rdacarrier
|
| 504 |
|
|
|a Bibliography: pages [93]-94.
|
| 650 |
|
0 |
|a Masks.
|
| 650 |
|
0 |
|a College and school drama.
|
| 999 |
|
|
|a MARS
|
| 999 |
f |
f |
|s 5e3a7ded-7900-3ba2-a989-d2c6e7d854d7
|i 88b6e8e2-9a40-3f27-8416-02983d47b830
|t 0
|
| 952 |
f |
f |
|p ric
|a Texas A&M University
|b Rellis Campus
|c Joint Library Facility
|d Remote Storage
|t 0
|e TT898 .S58 1972
|h Library of Congress classification
|i unmediated -- volume
|m A14805667228
|
| 998 |
f |
f |
|a TT898 .S58 1972
|t 0
|l Remote Storage
|